| 000 | 00862nam a2200289 i 4500 | ||
|---|---|---|---|
| 001 | 16508 | ||
| 003 | ES-MaACL | ||
| 005 | 20250824041432.0 | ||
| 007 | t| | ||
| 008 | 001013s1994 sp ||||1| spa d | ||
| 020 | _a84-7509-997-1 | ||
| 080 | _a321.01 | ||
| 080 | _a792:316.77 | ||
| 080 | _a394 | ||
| 100 | 1 |
_aBalandier, Georges. _924817 |
|
| 245 | 1 | 3 |
_aEl poder en escenas _b: de la representación del poder al poder de la representación / _cGeorges Balandier. |
| 250 | _a1ª ed. | ||
| 260 |
_aBarcelona : _bPaidós Ibérica, _c1994. |
||
| 300 |
_a187 p. ; _c20 cm. |
||
| 490 | 1 |
_aPaidós studio ; _v106 |
|
| 650 | 4 |
_aPoder. _916144 |
|
| 650 | 7 |
_aTeatro y sociedad _2embne _917392 |
|
| 650 | 7 |
_aRitos y ceremonias _2embne _916917 |
|
| 830 | 1 |
_aPaidós studio ; _v106 _9178141 |
|
| 852 |
_aES-MaACL _jL-23715 |
||
| 999 |
_c16508 _d16508 |
||